00113nam a22000617a 4500245003400000260000900034300000800043 aHand Book of Idioms & Phrases b1702 a232